00289nam a2200133Ia 45000030006000000080041000060400015000471000014000622450012000762600034000883000006001225460010001280050017001380STCL150530s9999 xx 000 0 und d aSTCLcSTCL aPremchand aNirmala bHindi Pocket Books ; Delhic0 a0 aHindi20220125171249.0